000 00353nam a2200157 i 4500
001 bg
100 1 _aBARANOV, G. G.
245 0 _aKurs teorii mechanizmov i maĊĦin /
_cS. Baranov.
250 _aIzd. 4.
260 _aMoskva,
_c1967.
040 _cBPK
041 _apol
080 _a621.01
942 _cKS
008 s pl f |000 0 pol
999 _c8898
_d8898
856 _uhttp://koha.tu.koszalin.pl/cgi-bin/koha/opac-detail.pl?biblionumber=8898
_yKatalog online BPK